00701nam a22002057a 4500010001300000020003500013035001300048037001300061082001600074100007100090245005100161246006400212250000900276260007600285270006800361300002500429600001600454700001600470760000900486 aB-213145 a8170491738cManas Publications aB-213145 aDBAD/PUB 22004aSb1+ aJha,AparnadManas Publicationsq24 Ansari Road Darya Ganj Delhi-02 aBlack, White & Polka DotcJha, AparnahEnglish aब्लैक वाइट & पोल्का डॉट a2004 a24, Ansari Road, Darya Ganj, New Delhi-110002bManas Publicationsc2004 a4858, Prahlad Street, 24, Ansari Road, Darya Ganj, New Delhi-02 a128 pages;c22cm ;CB dJha, Aparna aJha, Aparna b2004